| 000 | 00861nam a2200253 a 4500 | ||
|---|---|---|---|
| 001 | 000007815 | ||
| 005 | 20200929154315.0 | ||
| 008 | 090911s2009 dr a 001 0 spa d | ||
| 020 | _a9789945860283 | ||
| 040 |
_aDO-SdBNP _bspa _cBNPHU |
||
| 082 |
_a920.72 _bR696N |
||
| 100 | 1 |
_aNegro- Veras, Ramón Antonio, _c1938- _921520 |
|
| 245 | 1 | 0 |
_aCarmen, cáncer y lucha / _cRamón Antonio Negro Veras. |
| 260 |
_aSanto Domingo : _bCuesta-Veliz, _c2009. |
||
| 300 |
_a163 p. : _bil ; _c22 cm. |
||
| 500 | _aIncluye datos biográficos del autor en la solapa | ||
| 500 | _aIncluye índice onomástico | ||
| 600 | 1 | 4 |
_aRODRÍGUEZ RODRÍGUEZ, CARMEN TERESA, _d1937-2005 _921521 |
| 650 | 4 |
_aCáncer _921522 |
|
| 650 | 4 |
_aCáncer _xQuimioterapia _921523 |
|
| 650 | 4 |
_aCáncer _xRadioterapia _921524 |
|
| 700 | 1 |
_aRodríguez del Orbe, Abel, _epról. _921525 |
|
| 049 | _aBNPD | ||
| 999 |
_c7593 _d7593 |
||